[Event "17.Città di Padova Open A"]
[Site "Padova"]
[Date "2014.12.19"]
[Round "7.24"]
[White "Sonis, Francesco"]
[Black "Di Lazzaro, Gabriele"]
[Result "1-0"]
[WhiteElo "2206"]
[BlackElo "1941"]
[Annotator "Gabriele Ballarin"]
[PlyCount "117"]
[EventDate "2014.12.14"]
[EventType "swiss"]
[EventRounds "9"]
[EventCountry "ITA"]

1. Nf3 d5 2. g3 Nc6 3. d4 Bg4 4. Bg2 e6 5. h3 Bh5 6. c4 Bb4+ 7. Nc3 Nf6 8. Ne5 Nxe5 9. dxe5 Nd7 10. cxd5 exd5 11. Qxd5 c6 12. Qc4 Qe7 13. f4 Nb6 14. Qe4 Nd5 15. Bd2 f5 16. Nxd5 Bxd2+ 17. Kxd2 cxd5 18. Qa4+ Kf8 19. Qa3 Qxa3 20. bxa3 Rc8 21. Rab1 b6 22. Rhc1 Ke7 23. e3 Bf7 24. a4 Rhd8 25. a5 Rxc1 26. Rxc1 Kd7 27. Bf1 Ra8 28. Bb5+ Kd8 29. a6 Be6 30. Kd3 Rc8 31. Rxc8+ Kxc8 32. Kd4 Kc7 33. a3 Bg8 34. g4 g6 35. g5 Be6 36. h4 Bg8 37. Be2 Kc6 38. h5 Be6 39. h6 Bg8 40. a4 Kc7 41. Bb5 Be6 42. Be8 Bg8 43. e6 Kd6 44. Bf7 Bxf7 45. exf7 Ke7 46. Kxd5 Kxf7 47. Kd6 Ke8 48. Ke6 Kd8 49. Kf7 Kd7 50. Kg7 Ke7 51. Kxh7 Kf7 52. e4 fxe4 53. f5 e3 54. fxg6+ Ke7 55. g7 e2 56. g8=Q e1=Q 57. g6 Qe4 58. Qf7+ Kd6 59. Qxa7 1-0

[Event "17.Città di Padova Open A"]
[Site "Padova"]
[Date "2014.12.19"]
[Round "7.25"]
[White "Santeramo, Alessia Carmen"]
[Black "Lantini, Marco"]
[Result "0-1"]
[WhiteElo "2203"]
[BlackElo "2057"]
[Annotator "Gabriele Ballarin"]
[PlyCount "122"]
[EventDate "2014.12.14"]
[EventType "swiss"]
[EventRounds "9"]
[EventCountry "ITA"]

1. e4 e5 2. Nf3 Nc6 3. Bb5 a6 4. Ba4 Nf6 5. O-O Be7 6. Re1 b5 7. Bb3 d6 8. c3 O-O 9. d4 Bg4 10. d5 Na5 11. Bc2 Qc8 12. h3 Bd7 13. Nbd2 c6 14. dxc6 Qxc6 15. Nf1 Nb7 16. Ng3 Rac8 17. Nf5 Bxf5 18. exf5 Bd8 19. Bg5 Nc5 20. Nh2 Nd5 21. Qg4 Bxg5 22. Qxg5 f6 23. Qg4 Ne7 24. Re3 d5 25. b4 Nd7 26. Bb3 Kh8 27. Nf3 Ng8 28. a4 Nh6 29. Qh5 Nb6 30. axb5 axb5 31. Nh2 Nc4 32. Rg3 Qe8 33. Qd1 Nxf5 34. Rf3 Ne7 35. Rg3 Ra8 36. Bxc4 bxc4 37. Rxa8 Qxa8 38. Qg4 g6 39. Qe6 Nf5 40. Rf3 e4 41. Rxf5 gxf5 42. Nf1 f4 43. Qd6 Qb8 44. Qxd5 Qe5 45. Qxc4 e3 46. fxe3 fxe3 47. Qe2 Re8 48. c4 f5 49. c5 f4 50. c6 Rb8 51. b5 Rxb5 52. g4 Rb8 53. h4 Rc8 54. Qa6 Qd6 55. Nh2 Qxc6 56. Qxc6 Rxc6 57. Nf3 Rc2 58. Ne5 Kg7 59. Kf1 Kf6 60. Nd3 f3 61. Ne1 Rc1 0-1

[Event "17.Città di Padova Open A"]
[Site "Padova"]
[Date "2014.12.19"]
[Round "7.26"]
[White "Messina, Roberta"]
[Black "Mileto, Gabriele"]
[Result "1/2-1/2"]
[WhiteElo "2033"]
[BlackElo "2175"]
[Annotator "Gabriele Ballarin"]
[PlyCount "103"]
[EventDate "2014.12.14"]
[EventType "swiss"]
[EventRounds "9"]
[EventCountry "ITA"]

1. d4 Nf6 2. Nc3 d5 3. Bg5 Nbd7 4. f3 h6 5. Bh4 c5 6. dxc5 Qa5 7. Qd2 e5 8. e4 dxe4 9. Nxe4 Qxd2+ 10. Nxd2 Bxc5 11. Bb5 O-O 12. O-O-O a6 13. Bxd7 Nxd7 14. Ne4 Be3+ 15. Kb1 g5 16. Bg3 f6 17. Nd6 Nc5 18. Nc4 Bxg1 19. Rhxg1 Be6 20. Nb6 Rad8 21. Bf2 Nd7 22. Rd6 Nxb6 23. Rxe6 Nd5 24. Bc5 Kf7 25. Rd6 Rxd6 26. Bxd6 Rd8 27. Bc5 Nf4 28. Be3 Ke6 29. g3 Ng6 30. Kc1 f5 31. Rd1 Rxd1+ 32. Kxd1 f4 33. gxf4 gxf4 34. Bf2 Kf5 35. c4 e4 36. fxe4+ Kxe4 37. b3 Ne5 38. Ke2 Nd3 39. Bb6 Nc1+ 40. Kd2 Nxa2 41. Bc5 h5 42. b4 b5 43. cxb5 axb5 44. Be7 Kf3 45. Bd6 Ke4 46. Be7 f3 47. Bc5 Kf4 48. Bd6+ Kg4 49. Ke3 Nc3 50. h3+ Kxh3 51. Kxf3 Nd5 52. Ke4 1/2-1/2

[Event "17.Città di Padova Open A"]
[Site "Padova"]
[Date "2014.12.19"]
[Round "7.27"]
[White "Sorbera, Giovanni"]
[Black "Polese, Marco"]
[Result "1-0"]
[WhiteElo "2166"]
[BlackElo "1897"]
[Annotator "Gabriele Ballarin"]
[PlyCount "59"]
[EventDate "2014.12.14"]
[EventType "swiss"]
[EventRounds "9"]
[EventCountry "ITA"]

1. e4 e6 2. e5 d5 3. d4 c5 4. Nf3 Bd7 5. c3 Nc6 6. a3 a5 7. Bd3 b5 8. dxc5 Bxc5 9. O-O Nge7 10. Nbd2 Rb8 11. b4 Bb6 12. Qe2 Bc7 13. Nb3 Ng6 14. Bxg6 hxg6 15. Nc5 Qc8 16. Bg5 O-O 17. Rad1 Re8 18. Rd3 Bb6 19. Nb3 a4 20. Nbd4 Nxd4 21. Nxd4 Qc4 22. Rfd1 Bd8 23. Bxd8 Rexd8 24. Qg4 Bc8 25. Qh4 Qc7 26. Nc6 Bb7 27. Rf3 f6 28. exf6 Kf7 29. Nxd8+ Qxd8 30. Qf4 1-0

[Event "17.Città di Padova Open A"]
[Site "Padova"]
[Date "2014.12.19"]
[Round "7.28"]
[White "Gallo, Enrico"]
[Black "Krumm, Johannes"]
[Result "0-1"]
[WhiteElo "1982"]
[BlackElo "2014"]
[Annotator "Gabriele Ballarin"]
[PlyCount "58"]
[EventDate "2014.12.14"]
[EventType "swiss"]
[EventRounds "9"]
[EventCountry "ITA"]

1. e4 Nf6 2. e5 Nd5 3. d4 d6 4. c4 Nb6 5. exd6 cxd6 6. Nf3 g6 7. b3 Bg7 8. Bb2 O-O 9. Be2 Nc6 10. O-O Bg4 11. Nbd2 d5 12. h3 Bxf3 13. Nxf3 e6 14. Re1 dxc4 15. bxc4 Na5 16. Rc1 Rc8 17. c5 Nd5 18. Qd2 Nc6 19. Bc4 Nde7 20. Red1 Rc7 21. Rc3 Nf5 22. Rd3 Rd7 23. d5 Na5 24. Bb5 Rxd5 25. Rxd5 exd5 26. Bxg7 Nxg7 27. Qxd5 Qxd5 28. Rxd5 Ne6 29. Kh2 Nc7 0-1

[Event "17.Città di Padova Open A"]
[Site "Padova"]
[Date "2014.12.19"]
[Round "7.29"]
[White "Hocevar, Nikola"]
[Black "Karkovic, Mate"]
[Result "0-1"]
[WhiteElo "1913"]
[BlackElo "1999"]
[Annotator "Gabriele Ballarin"]
[PlyCount "88"]
[EventDate "2014.12.14"]
[EventType "swiss"]
[EventRounds "9"]
[EventCountry "ITA"]

1. d4 d5 2. Nf3 Nf6 3. Nbd2 e6 4. e3 c6 5. Bd3 Nbd7 6. O-O Bd6 7. e4 dxe4 8. Nxe4 Nxe4 9. Bxe4 h6 10. Re1 O-O 11. c3 Qc7 12. Bc2 Rd8 13. Qe2 Nf6 14. Ne5 b6 15. h3 Bb7 16. Ng4 Nxg4 17. Qxg4 Kf8 18. Be3 c5 19. Rad1 Qc6 20. f3 Qc7 21. Qh5 Bh2+ 22. Kh1 Rd5 23. Qg4 h5 24. Qe4 Rf5 25. d5 Bg3 26. Rf1 Re5 27. Bf4 Bxf4 28. Qxf4 exd5 29. Qd2 Rae8 30. Rde1 Qe7 31. Rxe5 Qxe5 32. Kg1 Qg3 33. Qf2 h4 34. Bd3 g6 35. Qxg3 hxg3 36. Rd1 Re3 37. c4 b5 38. cxb5 c4 39. Bf1 g5 40. Rd2 Re1 41. Rc2 Bc8 42. Re2 Rd1 43. Re5 f6 44. Re3 Bf5 0-1

[Event "17.Città di Padova Open A"]
[Site "Padova"]
[Date "2014.12.19"]
[Round "7.30"]
[White "Vizireanu, Dragos"]
[Black "Redo, Giorgio"]
[Result "0-1"]
[WhiteElo "1858"]
[BlackElo "2084"]
[Annotator "Gabriele Ballarin"]
[PlyCount "66"]
[EventDate "2014.12.14"]
[EventType "swiss"]
[EventRounds "9"]
[EventCountry "ITA"]

1. e4 c5 2. Nf3 g6 3. d4 cxd4 4. Nxd4 Nc6 5. Nc3 Bg7 6. Be3 Nf6 7. Bc4 O-O 8. f3 d5 9. Bxd5 Nxd5 10. exd5 Nb4 11. Nde2 Bf5 12. Rc1 Qa5 13. a3 Na2 14. Bd4 Nxc1 15. Qxc1 e5 16. Be3 Rfd8 17. O-O Rac8 18. g4 Bd7 19. Bh6 Bh8 20. h4 Qc5+ 21. Be3 Qe7 22. Kg2 e4 23. Nxe4 Bxg4 24. Bg5 f6 25. d6 Rxd6 26. Nxd6 fxg5 27. Nxc8 Qxe2+ 28. Rf2 Bxf3+ 29. Kg1 Bd4 30. Qf1 Qe6 31. Ne7+ Kg7 32. Qd3 Qe1+ 33. Qf1 Bxf2+ 0-1

[Event "17.Città di Padova Open A"]
[Site "Padova"]
[Date "2014.12.19"]
[Round "7.31"]
[White "Antoniacci, Riccardo"]
[Black "Bergamasco, Tommaso"]
[Result "0-1"]
[WhiteElo "1843"]
[BlackElo "2012"]
[Annotator "Gabriele Ballarin"]
[PlyCount "100"]
[EventDate "2014.12.14"]
[EventType "swiss"]
[EventRounds "9"]
[EventCountry "ITA"]

1. e4 d6 2. d4 Nf6 3. Nc3 Nbd7 4. Bc4 e5 5. Nge2 Be7 6. Bb3 O-O 7. f3 c6 8. Be3 h6 9. Qd2 Nh7 10. f4 Qc7 11. O-O b6 12. Rf3 Ndf6 13. Nd1 Nxe4 14. Qe1 Bg4 15. Rf1 Rae8 16. c3 exd4 17. Nxd4 Bf6 18. Nf2 Nxf2 19. Qxf2 c5 20. Nf3 b5 21. h3 Bc8 22. Rad1 g6 23. h4 Bg7 24. h5 gxh5 25. Nh4 Kh8 26. f5 Nf6 27. Qf4 Re4 28. Qg3 Rg4 29. Qh2 Bb7 30. Rf4 Re8 31. Bf2 Re2 32. Re1 Qe7 33. Rf1 Rxb2 34. Bd1 Rxf4 35. Qxf4 Nd5 36. Qc1 Rxf2 37. Rxf2 Qxh4 38. Bf3 Qe7 39. Re2 Qd7 40. Qe1 Bf6 41. Bxh5 Nf4 42. Re8+ Kh7 43. Bf3 Bxf3 44. gxf3 Qxf5 45. Qe4 Qxe4 46. fxe4 Bxc3 47. Re7 Kg6 48. Rxa7 h5 49. Kf2 Be5 50. Kg3 Ne6+ 0-1

[Event "17.Città di Padova Open A"]
[Site "Padova"]
[Date "2014.12.19"]
[Round "7.32"]
[White "Desideri, Alessandro"]
[Black "Ballarin, Gabriele"]
[Result "1-0"]
[WhiteElo "1834"]
[BlackElo "1946"]
[Annotator "Gabriele Ballarin"]
[PlyCount "167"]
[EventDate "2014.12.14"]
[EventType "swiss"]
[EventRounds "9"]
[EventCountry "ITA"]

{[%mdl 8256] A04: Attacco Estindiano e linee inusuali dopo 1 Cf3} 1. g3 g6 2. Bg2 Bg7 3. Nf3 e5 4. d3 d6 5. e4 c5 6. O-O Ne7 7. c3 Nbc6 8. Bg5 h6 9. Be3 O-O 10. Qd2 Kh7 {Ultima mossa libro} 11. Ne1 f5 12. f4 b6 13. Na3 Be6 14. exf5 Bxf5 15. Nf3 Rc8 16. Nc2 (16. Nh4 $5 $11) 16... Qd7 $15 17. Rf2 Nd5 (17... exf4 18. Bxf4 Be6 19. d4 $15) 18. Nh4 Nxe3 $4 (18... exf4 $142 19. Bxd5 fxe3 20. Nxe3 Be6 $11) 19. Nxe3 $16 Be6 $2 (19... Ne7 $142 20. Raf1 Rce8 $18) 20. Nd5 $4 (20. Nxg6 $142 Kxg6 21. f5+ Bxf5 22. Nxf5 $18) 20... Ne7 $4 (20... Bxd5 $142 21. Bxd5 Ne7 $15) 21. Nxe7 $18 Qxe7 22. Re1 $4 (22. Be4 $5 Bf5 23. Bxf5 gxf5 24. fxe5 f4 25. exd6 Qxd6 26. Rxf4 Rxf4 27. Qxf4 Qxd3 $18) 22... Qd7 (22... Bf6 $142 $5 $11) 23. Be4 $16 Bf5 24. Nxf5 gxf5 25. Bg2 Rce8 26. Bh3 Re7 {[%cal Ye5e4] Il Nero progetta e4} 27. Qe2 d5 {[%cal Ye5e4] Il Nero vuol giocare e4} 28. Qh5 e4 29. dxe4 Rxe4 (29... dxe4 $143 30. Rd1 Qe6 31. Rfd2 $16) 30. Rxe4 dxe4 31. Rf1 Qf7 32. Qxf7 Rxf7 33. Kf2 Kg6 34. Rd1 Bf8 35. Rd5 (35. Bf1 h5 $16) 35... h5 36. a4 a6 (36... c4 37. Bf1 Rc7 38. Ke1 $14) 37. Ke2 (37. Bf1 a5 $16) 37... c4 38. Rd8 Bc5 39. Rd5 (39. Rg8+ $5 Kf6 40. Rg5 $14) 39... Bg1 $11 40. Kf1 Be3 (40... Bxh2 $2 41. Kg2 Bxg3 42. Kxg3 $18) 41. Rd1 Kf6 (41... Bc5 42. Ke1 $11) 42. Ke2 Bc5 43. Rd5 Ke6 $4 (43... Kg6 $142 $14) 44. Re5+ $18 Kf6 (44... Kd6 45. Rxf5 Rxf5 46. Bxf5 $18) 45. Bxf5 e3 46. Bh3 Rh7 (46... Rb7 47. Be6 Re7 48. Bxc4 Rxe5 49. fxe5+ Kxe5 50. b4 $18) 47. Re6+ (47. a5 Rh6 $18) 47... Kf7 (47... Kg7 48. Rc6 $18) 48. Rc6 Rh8 49. Be6+ Ke7 50. Bxc4 a5 51. Re6+ Kd7 52. f5 Kc7 53. f6 Rd8 54. Bd3 Rh8 (54... Rf8 55. Bb5 Rd8 56. Re7+ Kb8 57. Re8 $18) 55. f7 Rf8 56. Rf6 Kd7 57. Rf5 (57. Bc4 Rd8 58. Rf5 Rh8 $18) 57... Rh8 (57... Ke6 58. Rf4 Rd8 59. Bc4+ Ke5 60. Kf3 $18) 58. Re5 h4 (58... Rf8 59. Bc4 $18) 59. Bf5+ Kd8 (59... Kc6 60. Re8 Rf8 61. Bg6 $18) 60. g4 Bd6 61. Rxe3 Rf8 62. Bg6 Be7 63. Kf3 (63. g5 h3 $18) 63... Kd7 64. h3 Kd6 65. Kf4 Rc8 66. Rd3+ Kc6 67. Bf5 Rf8 68. Be6 Rh8 (68... b5 69. axb5+ Kxb5 70. g5 $18) 69. g5 Rh5 (69... Bd8 70. Rd5 Be7 $18) 70. Rd5 Rh8 71. Kf5 Rh5 72. Kg6 Rh8 73. Rd4 Bd6 (73... Bc5 74. Rc4 Rd8 75. b4 $18) 74. Bd5+ (74. Rc4+ $5 Kb7 75. Kf6 b5 76. Bd5+ Ka7 77. axb5 Rb8 $18) 74... Kd7 75. Re4 Be7 (75... Bf8 76. Re6 $18) 76. Bc6+ $1 Kd6 (76... Kxc6 77. Rxe7 {Deviazione}) 77. Be8 Bf8 78. Rf4 Ke5 (78... Kc7 79. Rd4 $18) 79. Rc4 Kd5 80. Rc8 Ke5 81. Rc6 Kf4 82. Rxb6 Kg3 83. Bd7 Bc5 84. Rc6 (84. Rc6 Bf8 85. Ra6 $18) 1-0

[Event "17.Città di Padova Open A"]
[Site "Padova"]
[Date "2014.12.19"]
[Round "7.33"]
[White "Bordignon, Angelo"]
[Black "Benetti, Lorenzo"]
[Result "1/2-1/2"]
[WhiteElo "1808"]
[BlackElo "1872"]
[Annotator "Gabriele Ballarin"]
[PlyCount "82"]
[EventDate "2014.12.14"]
[EventType "swiss"]
[EventRounds "9"]
[EventCountry "ITA"]

{[%mdl 8192] B23: Siciliana Chiusa: linee senza g3} 1. e4 d6 2. Nc3 g6 3. g3 Bg7 4. Bg2 e5 5. Nge2 Ne7 6. O-O O-O 7. d4 c6 8. a4 a5 9. Be3 Qc7 10. Qd2 Na6 11. Rad1 Nb4 12. f4 Be6 13. Rc1 f5 14. d5 Bf7 15. fxe5 Bxe5 16. dxc6 bxc6 17. Bh6 Rfe8 18. Bf4 Bxf4 19. Nxf4 Rad8 20. Rfd1 Qb6+ 21. Qf2 Qxf2+ 22. Kxf2 Kg7 23. Re1 Bc4 24. b3 Bg8 25. h4 fxe4 26. Nxe4 Nf5 27. Ng5 Rxe1 28. Rxe1 Rc8 29. Be4 Nh6 30. Bd3 Ng4+ 31. Kf3 Ne5+ 32. Ke3 Nbxd3 33. Nxd3 Re8 34. Rf1 Ng4+ 35. Kd2 h6 36. Nf3 Nf6 37. Nf2 Bd5 38. Nd4 Ne4+ 39. Nxe4 Rxe4 40. Ne2 Be6 41. Rf3 Re5 1/2-1/2

[Event "17.Città di Padova Open A"]
[Site "Padova"]
[Date "2014.12.19"]
[Round "7.34"]
[White "Pompili, Ugo"]
[Black "Favero, Graziano"]
[Result "0-1"]
[WhiteElo "1841"]
[BlackElo "1834"]
[Annotator "Gabriele Ballarin"]
[PlyCount "64"]
[EventDate "2014.12.14"]
[EventType "swiss"]
[EventRounds "9"]
[EventCountry "ITA"]

1. d4 d6 2. e3 Nf6 3. c3 g6 4. f4 Bg7 5. Bd3 O-O 6. Nf3 Nc6 7. e4 e5 8. fxe5 dxe5 9. d5 Nb8 10. O-O Qd6 11. h3 Nh5 12. Kh2 f5 13. b3 Re8 14. Ba3 Qb6 15. c4 f4 16. c5 Qf6 17. Nc3 Bf8 18. Nb5 Na6 19. b4 c6 20. Nc3 cxd5 21. Nxd5 Qd8 22. Qc2 Be6 23. Bc4 Nc7 24. Nxc7 Qxc7 25. Bxe6+ Rxe6 26. Qc4 Qe7 27. Ng5 Qxg5 28. Qxe6+ Kh8 29. Rf3 Rd8 30. Bb2 Bg7 31. Rd1 Qg3+ 32. Rxg3 fxg3+ 0-1

[Event "17.Città di Padova Open A"]
[Site "Padova"]
[Date "2014.12.19"]
[Round "7.35"]
[White "Baschirotto, Marco Dante"]
[Black "Zangrando, Gianpietro"]
[Result "0-1"]
[WhiteElo "1903"]
[BlackElo "1867"]
[Annotator "Gabriele Ballarin"]
[PlyCount "91"]
[EventDate "2014.12.14"]
[EventType "swiss"]
[EventRounds "9"]
[EventCountry "ITA"]

1. d4 d5 2. c4 c6 3. Nc3 Nf6 4. Nf3 g6 5. g3 Bg7 6. Bg2 O-O 7. cxd5 cxd5 8. O-O Nc6 9. b3 Bf5 10. a3 Be4 11. e3 Rc8 12. Nxe4 Nxe4 13. Nd2 Nf6 14. b4 e6 15. Bb2 Ne8 16. Rc1 Nd6 17. Qb3 Qe7 18. Rc2 Rc7 19. Rfc1 Rfc8 20. Bf1 b5 21. Rc5 a6 22. a4 Nc4 23. Rc2 Qd7 24. axb5 axb5 25. Qc3 Rb8 26. Nb3 Bf8 27. Ba1 Ra7 28. Bxc4 bxc4 29. Rxc4 Rxa1+ 30. Qxa1 dxc4 31. Nc5 Qd5 32. e4 Qxd4 33. Qxd4 Nxd4 34. Rxc4 e5 35. Kg2 Rc8 36. f4 f6 37. Kf2 Kg7 38. Ke3 Ne6 39. fxe5 Bxc5+ 40. bxc5 Rxc5 41. Rxc5 Nxc5 42. exf6+ Kxf6 43. Kd4 Nd7 44. Kc4 Nf8 45. Kd5 Ke7 46. Kd4 0-1

[Event "17.Città di Padova Open A"]
[Site "Padova"]
[Date "2014.12.20"]
[Round "8.13"]
[White "Andreoni, Giuseppe"]
[Black "Mrdja, Milan"]
[Result "1/2-1/2"]
[WhiteElo "2179"]
[BlackElo "2383"]
[Annotator "Gabriele Ballarin"]
[PlyCount "101"]
[EventDate "2014.12.14"]
[EventType "swiss"]
[EventRounds "9"]
[EventCountry "ITA"]

1. e4 g6 2. d4 Bg7 3. Nf3 d6 4. Bd3 Nc6 5. c3 e5 6. Bg5 f6 7. Be3 Nh6 8. h3 Nf7 9. Qc2 O-O 10. O-O exd4 11. Nxd4 Nce5 12. Be2 c5 13. Nf3 Nxf3+ 14. Bxf3 Be6 15. Nd2 Qe7 16. Rad1 Rae8 17. Rfe1 b5 18. Be2 Qb7 19. b3 a6 20. f4 Bd7 21. Bf3 Bc6 22. Bf2 Re7 23. Re2 Rfe8 24. Rde1 Qc7 25. Nf1 Qb7 26. Nd2 Bh6 27. g3 g5 28. Be3 Kh8 29. Kh2 gxf4 30. Bxf4 Bg7 31. Bh5 Rd8 32. Bxf7 Rxf7 33. g4 Re7 34. c4 Re6 35. Nf1 Rde8 36. Ng3 Bf8 37. Bd2 Kg8 38. Nh5 Bg7 39. Ng3 Bf8 40. Bc3 Bh6 41. Kg1 $11 Bg5 42. Qd3 Bh4 43. Qf3 bxc4 44. bxc4 Bxg3 45. Qxg3 Bxe4 46. Qf4 Bh1 47. Bxf6 Rxe2 48. Qg5+ Kf8 49. Qh6+ Kg8 50. Qg5+ Kf8 51. Qh6+ 1/2-1/2

[Event "17.Città di Padova Open A"]
[Site "Padova"]
[Date "2014.12.20"]
[Round "8.14"]
[White "Massironi, Marco"]
[Black "Dragojlovic, Andjelko"]
[Result "1-0"]
[WhiteElo "2236"]
[BlackElo "2321"]
[Annotator "Gabriele Ballarin"]
[PlyCount "74"]
[EventDate "2014.12.14"]
[EventType "swiss"]
[EventRounds "9"]
[EventCountry "ITA"]

1. e4 d6 2. d4 Nf6 3. Nc3 g6 4. Bg5 Bg7 5. Qd2 h6 6. Bh4 g5 7. Bg3 Nh5 8. O-O-O c6 9. Be2 Nxg3 10. hxg3 b5 11. e5 dxe5 12. Nf3 exd4 13. Nxg5 e5 14. Nce4 Bf5 15. Qb4 Bxe4 16. Nxe4 Qe7 17. Nd6+ Kf8 18. Bh5 Nd7 19. Qb3 Bf6 20. f4 Rh7 21. Qd3 Kg8 22. Bxf7+ Rxf7 23. Nf5 Qe6 24. Nxh6+ Kf8 25. Nxf7 e4 26. Ng5 exd3 27. Nxe6+ Ke7 28. Rhe1 dxc2 29. Nxd4+ Kf7 30. Kxc2 Nb6 31. Nf3 Rg8 32. Rd3 Nd5 33. a3 Rc8 34. Ne5+ Kg7 35. Kb3 Nb6 36. Ng4 c5 37. Rd6 c4+ 1-0

[Event "17.Città di Padova Open A"]
[Site "Padova"]
[Date "2014.12.20"]
[Round "8.15"]
[White "Moroni, Luca Jr"]
[Black "Movileanu, Daniela"]
[Result "1-0"]
[WhiteElo "2321"]
[BlackElo "2145"]
[Annotator "Gabriele Ballarin"]
[PlyCount "67"]
[EventDate "2014.12.14"]
[EventType "swiss"]
[EventRounds "9"]
[EventCountry "ITA"]

1. Nf3 c5 2. c4 Nf6 3. Nc3 e6 4. g3 b6 5. Bg2 Bb7 6. O-O Be7 7. Re1 O-O 8. e4 d6 9. d4 cxd4 10. Nxd4 Qc7 11. Be3 Nbd7 12. Rc1 Rac8 13. f4 Nc5 14. Bf2 Rfe8 15. f5 Bf8 16. fxe6 fxe6 17. Qe2 e5 18. Nc2 Qf7 19. b3 Qg6 20. Kh1 Rcd8 21. Rcd1 Ne6 22. Nb4 Be7 23. Ncd5 Nxd5 24. exd5 Nc5 25. Nc6 Ra8 26. Rf1 Bg5 27. b4 Na6 28. Be4 Qh6 29. a3 Nc7 30. h4 Bxc6 31. dxc6 Be7 32. Be3 g5 33. Qg4 Kh8 34. Rf7 1-0

[Event "17.Città di Padova Open A"]
[Site "Padova"]
[Date "2014.12.20"]
[Round "8.16"]
[White "De Santis, Alessio"]
[Black "Boraso, Alessio"]
[Result "0-1"]
[WhiteElo "2288"]
[BlackElo "2166"]
[Annotator "Gabriele Ballarin"]
[PlyCount "80"]
[EventDate "2014.12.14"]
[EventType "swiss"]
[EventRounds "9"]
[EventCountry "ITA"]

1. d4 Nf6 2. c4 g6 3. Nc3 Bg7 4. e4 d6 5. Be2 O-O 6. Bg5 h6 7. Be3 c5 8. d5 e6 9. Qd2 exd5 10. cxd5 Re8 11. f3 h5 12. h4 a6 13. a4 Nbd7 14. Nh3 Ne5 15. Nf2 Rb8 16. Bg5 Qc7 17. Qf4 Nh7 18. Bh6 f5 19. O-O Bf6 20. exf5 gxf5 21. Qg3+ Kh8 22. f4 Ng4 23. Bxg4 hxg4 24. Rfe1 Bd7 25. Bg5 Bd4 26. Qd3 Qb6 27. Rxe8+ Rxe8 28. Ncd1 c4 29. Qg3 Re1+ 30. Kh2 Bxf2 31. Nxf2 Re3 32. Bd8 Qb3 33. Nh1 Rxg3 34. Nxg3 Qxb2 35. Re1 c3 36. Re7 c2 37. Rxd7 c1=Q 38. Bg5 Nxg5 39. fxg5 Qe5 40. Rd8+ Kg7 0-1

[Event "17.Città di Padova Open A"]
[Site "Padova"]
[Date "2014.12.20"]
[Round "8.17"]
[White "Pacini, Ermanno"]
[Black "Borgo, Giulio"]
[Result "0-1"]
[WhiteElo "2059"]
[BlackElo "2357"]
[Annotator "Gabriele Ballarin"]
[PlyCount "124"]
[EventDate "2014.12.14"]
[EventType "swiss"]
[EventRounds "9"]
[EventCountry "ITA"]

1. e4 d6 2. d4 Nf6 3. Nc3 Nbd7 4. Nf3 e5 5. Bc4 Be7 6. O-O O-O 7. Re1 c6 8. a4 a5 9. h3 h6 10. Be3 Nh7 11. Qe2 Ng5 12. Rad1 Nxf3+ 13. Qxf3 Bg5 14. Ne2 g6 15. Bb3 Qe7 16. Nc1 Kg7 17. Nd3 Qf6 18. Qxf6+ Bxf6 19. dxe5 dxe5 20. f3 Be7 21. Rd2 b6 22. Red1 Ra7 23. g3 Re8 24. Kg2 Bf8 25. Re1 Ba6 26. Red1 Bc8 27. Re1 Rc7 28. Bc4 Be7 29. h4 Ra7 30. c3 Bd8 31. Nf2 Be7 32. Ng4 h5 33. Nh6 Rf8 34. g4 Bc5 35. g5 Bxe3 36. Rxe3 Nc5 37. b3 Rd7 38. Rxd7 Bxd7 39. b4 Ne6 40. Kf2 Nf4 41. Re1 b5 42. Rd1 Be8 43. Bb3 bxa4 44. Bxa4 axb4 45. cxb4 f6 46. Rh1 fxg5 47. hxg5 Ne6 48. Rg1 Nd4 49. Bd1 Bd7 50. Ke3 Ra8 51. Rg2 Ra3+ 52. Kf2 Ra2+ 53. Kg3 Rxg2+ 54. Kxg2 Be6 55. Kg3 Bc4 56. f4 exf4+ 57. Kxf4 Ne6+ 58. Ke5 Nxg5 59. Nf5+ gxf5 60. exf5 h4 61. Kf4 h3 62. Kxg5 h2 0-1

[Event "17.Città di Padova Open A"]
[Site "Padova"]
[Date "2014.12.20"]
[Round "8.18"]
[White "Bove, Alessandro"]
[Black "Sonis, Francesco"]
[Result "0-1"]
[WhiteElo "2326"]
[BlackElo "2206"]
[Annotator "Gabriele Ballarin"]
[PlyCount "76"]
[EventDate "2014.12.14"]
[EventType "swiss"]
[EventRounds "9"]
[EventCountry "ITA"]

1. e4 c5 2. Nf3 d6 3. d4 cxd4 4. Nxd4 Nf6 5. Nc3 a6 6. Be2 e5 7. Nb3 Be7 8. O-O O-O 9. Re1 Be6 10. Bf3 Nbd7 11. a4 b6 12. Nd2 Qc7 13. Nf1 Rfc8 14. Ne3 Qc6 15. Nf5 Bf8 16. g4 Rab8 17. g5 Ne8 18. Ne3 b5 19. Bg4 Nc5 20. axb5 axb5 21. Ncd5 Nc7 22. Bf3 Ra8 23. Nf5 Bxf5 24. Rxa8 Rxa8 25. exf5 e4 26. Rxe4 Nxe4 27. Bxe4 Qc4 28. Nxc7 Ra1 29. Bd5 Qxc7 30. g6 Qe7 31. Kg2 Qe5 32. Bxf7+ Kh8 33. Qh5 h6 34. Qd1 Qxf5 35. f3 d5 36. c3 Qb1 37. Qe2 Qxc1 38. Qe8 Qg5+ 0-1

[Event "17.Città di Padova Open A"]
[Site "Padova"]
[Date "2014.12.20"]
[Round "8.19"]
[White "Brezovar, Matjaz"]
[Black "Damia, Angelo"]
[Result "1-0"]
[WhiteElo "2264"]
[BlackElo "2177"]
[Annotator "Gabriele Ballarin"]
[PlyCount "107"]
[EventDate "2014.12.14"]
[EventType "swiss"]
[EventRounds "9"]
[EventCountry "ITA"]

1. c4 Nf6 2. g3 e6 3. Bg2 d5 4. Nf3 dxc4 5. O-O Nbd7 6. Qc2 a6 7. a4 Rb8 8. a5 b5 9. axb6 cxb6 10. Qxc4 b5 11. Qc2 Bb7 12. d4 Rc8 13. Qd1 Bd6 $11 14. Bf4 Bxf4 15. gxf4 Qc7 16. e3 O-O 17. Nc3 Nb6 18. Ne5 Bxg2 19. Kxg2 Nbd5 20. Nxd5 Nxd5 21. Kg1 a5 22. Nd3 a4 23. Nc5 Qe7 24. Kh1 Rfd8 25. Qe2 Qe8 26. Qf3 Qc6 27. Qg2 Nxf4 28. Qxc6 Rxc6 29. exf4 Rxd4 30. Rfd1 Rxd1+ 31. Rxd1 g5 32. Nd3 gxf4 33. Nxf4 Rc4 34. Nh5 Kf8 35. Rd2 Ke7 36. Ng3 b4 37. Ne2 e5 38. f3 b3 39. Kg2 Ke6 40. Kf2 f5 41. Ke3 f4+ 42. Kd3 Kd5 43. Nc3+ Kc5 44. Rd1 Rd4+ 45. Ke2 a3 46. bxa3 Kc4 47. Rxd4+ Kxd4 48. Kd2 b2 49. Ne2+ Kc4 50. Kc2 e4 51. Nxf4 exf3 52. Nh3 b1=N 53. Kxb1 Kb3 54. Kc1 1-0

[Event "17.Città di Padova Open A"]
[Site "Padova"]
[Date "2014.12.20"]
[Round "8.20"]
[White "Lantini, Marco"]
[Black "Pescatore, Lorenzo"]
[Result "0-1"]
[WhiteElo "2057"]
[BlackElo "2234"]
[Annotator "Gabriele Ballarin"]
[PlyCount "106"]
[EventDate "2014.12.14"]
[EventType "swiss"]
[EventRounds "9"]
[EventCountry "ITA"]

1. d4 Nf6 2. Nf3 e6 3. c4 Bb4+ 4. Nbd2 b6 5. a3 Bxd2+ 6. Qxd2 Bb7 7. e3 O-O 8. Be2 d6 9. O-O Ne4 10. Qc2 f5 11. d5 e5 12. Nd2 Nxd2 13. Bxd2 Nd7 14. f4 Qf6 15. Rf3 c6 16. Raf1 g6 17. e4 fxe4 18. Qxe4 cxd5 19. cxd5 $11 Nc5 20. Qe3 Bxd5 21. fxe5 Qxe5 22. Rxf8+ Rxf8 23. Rxf8+ Kxf8 24. Qh6+ Kg8 25. Bc3 Qe7 26. Qd2 Qe4 27. Bf1 Ne6 28. Qh6 Bc4 29. Bxc4 Qxc4 30. Qe3 Qc5 31. Kf2 Kf7 32. Ke2 Qxe3+ 33. Kxe3 Nc7 34. Be1 Ke6 35. Kf4 Nd5+ 36. Ke4 Ne7 37. a4 d5+ 38. Kf4 a6 39. Bf2 b5 40. axb5 axb5 41. g4 Nc6 42. h4 h6 43. Bc5 Ne5 44. Bf8 g5+ 45. Kg3 gxh4+ 46. Kh3 d4 47. Bxh6 d3 48. Kxh4 d2 49. Bxd2 Nf3+ 50. Kg3 Nxd2 51. Kf4 Nc4 52. Ke4 Nxb2 53. g5 Nc4 0-1